[Event "Seville op 49th"]
[Site "Seville"]
[Date "2024.01.12"]
[Round "1"]
[White "Szpar, Milosz"]
[Black "Gutierrez Marconi, Christian Fernando"]
[Result "1-0"]
[WhiteElo "2491"]
[BlackElo "1748"]
[PlyCount "57"]
[EventDate "2024.01.12"]
[EventType "swiss"]
[EventRounds "9"]
[EventCountry "ESP"]
[SourceTitle "CB04_2024"]
[SourceDate "2023.10.16"]
[SourceVersion "1"]
[SourceVersionDate "2023.10.16"]
[SourceQuality "1"]

1. Nf3 d5 2. e3 Nf6 3. c4 c6 4. Nc3 g6 5. d4 Bg7 6. Be2 0-0 7. h3 b6 8. 0-0 dxc4 9. Bxc4 Ba6 10. Bxa6 Nxa6 11. e4 Nd7 12. Qe2 Nc7 13. Rd1 Qc8 14. Bg5 Bf6 15. Bf4 Ne6 16. Bg3 Re8 17. Rac1 Ng5 18. Nh2 Ne6 19. Nf3 Ng5 20. e5 Nxf3+ 21. Qxf3 Bg5 22. Rc2 Bh6 23. Ne4 Qb7 24. Rxc6 Rac8 25. d5 Bg7 26. e6 fxe6 27. Rxe6 Rf8 28. Qb3 Rf7 29. d6 1-0